[Event "Austrian Eisenbahner-ch"]
[Site "St Veit"]
[Date "2013.06.01"]
[Round "3.2"]
[White "Mitteregger, Gottfried"]
[Black "Tomitz, Hermann"]
[Result "0-1"]
[WhiteElo "1845"]
[BlackElo "2106"]
[PlyCount "48"]
[EventDate "2013.05.30"]
[EventType "swiss"]
[EventRounds "3"]
[EventCountry "AUT"]
[SourceTitle "EXT 2024"]
[Source "ChessBase"]
[SourceDate "2023.10.10"]
[SourceVersion "1"]
[SourceVersionDate "2023.10.10"]
[SourceQuality "1"]

1. e4 e6 2. d4 d5 3. exd5 exd5 4. Nc3 c6 5. Nf3 Bd6 6. Bd3 Bg4 7. 0-0 Nd7 8. Re1+ Ne7 9. h3 Bh5 10. Bg5 f6 11. Bh4 Qc7 12. g4 Bf7 13. Ne2 0-0-0 14. Bg3 g5 15. Bxd6 Qxd6 16. Ng3 h5 17. Qe2 Rde8 18. c4 hxg4 19. hxg4 Qf4 20. Kg2 Qxg4 21. Rh1 Rxh1 22. Rxh1 dxc4 23. Bxc4 Ng6 24. Qc2 Nf4+ 0-1

[Event "Austrian Eisenbahner-ch"]
[Site "St Veit"]
[Date "2013.05.31"]
[Round "2.2"]
[White "Tomitz, Hermann"]
[Black "Jarius, Hans Juergen"]
[Result "1/2-1/2"]
[WhiteElo "2106"]
[BlackElo "2055"]
[PlyCount "35"]
[EventDate "2013.05.30"]
[EventType "swiss"]
[EventRounds "3"]
[EventCountry "AUT"]
[SourceTitle "EXT 2024"]
[Source "ChessBase"]
[SourceDate "2023.10.10"]
[SourceVersion "1"]
[SourceVersionDate "2023.10.10"]
[SourceQuality "1"]

1. Nf3 d5 2. c4 c6 3. g3 Nf6 4. Bg2 Nbd7 5. cxd5 cxd5 6. d4 e6 7. Nc3 Bd6 8. 0-0 a6 9. a4 0-0 10. Bg5 h6 11. Bxf6 Nxf6 12. a5 Bd7 13. Qb3 Rb8 14. Rfc1 b5 15. axb6 Rxb6 16. Qa2 Qb8 17. Na4 Rb4 18. Nc5 1/2-1/2

[Event "Austrian Eisenbahner-ch"]
[Site "St Veit"]
[Date "2013.05.30"]
[Round "1.2"]
[White "Buchner, Martin1111"]
[Black "Tomitz, Hermann"]
[Result "0-1"]
[WhiteElo "2089"]
[BlackElo "2106"]
[PlyCount "59"]
[EventDate "2013.05.30"]
[EventType "swiss"]
[EventRounds "3"]
[EventCountry "AUT"]
[SourceTitle "EXT 2024"]
[Source "ChessBase"]
[SourceDate "2023.10.10"]
[SourceVersion "1"]
[SourceVersionDate "2023.10.10"]
[SourceQuality "1"]

1. e4 e6 2. d4 d5 3. Nc3 Nc6 4. Nf3 Nf6 5. e5 Ne4 6. Bd3 Bb4 7. 0-0 Nxc3 8. bxc3 Bxc3 9. Rb1 Bb4 10. Ng5 Be7 11. Qh5 g6 12. Qh6 Bf8 13. Qh3 Nxd4 14. Nxh7 Be7 15. Qh6 Kd7 16. Qg7 Qg8 17. Qxg8 Rxg8 18. Ng5 Ke8 19. Re1 c5 20. c4 b6 21. Nh7 Ba6 22. Be3 Bxc4 23. Bxc4 dxc4 24. Bxd4 cxd4 25. Re4 Rh8 26. Nf6+ Bxf6 27. exf6 Rd8 28. Rd1 Rh5 29. Rdxd4 Rxd4 30. Rxd4 0-1

[Event "AUT-chT2M 0910"]
[Site "Austria"]
[Date "2010.04.18"]
[Round "11.5"]
[White "Fahrner, Kurt"]
[Black "Tomitz, Hermann"]
[Result "1-0"]
[WhiteElo "2300"]
[BlackElo "2101"]
[PlyCount "87"]
[EventDate "2009.10.10"]
[EventType "team-tourn"]
[EventRounds "11"]
[EventCountry "AUT"]
[SourceTitle "EXT 2011"]
[Source "ChessBase"]
[SourceDate "2010.11.26"]
[SourceVersion "1"]
[SourceVersionDate "2010.11.26"]
[SourceQuality "1"]
[WhiteTeam "Graz Austria"]
[BlackTeam "Raika Feffernitz"]
[WhiteTeamCountry "AUT"]
[BlackTeamCountry "AUT"]

1. g3 g6 2. Bg2 Bg7 3. c4 c5 4. Nc3 Nc6 5. Nf3 d6 6. 0-0 e5 7. d3 Nge7 8. Rb1 0-0 9. a3 a5 10. Bd2 Bf5 11. h3 h6 12. Ne1 Be6 13. Nd5 Bxd5 14. cxd5 Nb8 15. Nc2 b5 16. a4 b4 17. Ne3 Nd7 18. Nc4 Nb6 19. Nxb6 Qxb6 20. Qb3 Kh7 21. Rbc1 Rac8 22. Qc4 f5 23. b3 Ng8 24. e3 Rce8 25. Rce1 Nf6 26. Bc1 e4 27. Bb2 exd3 28. Bxf6 d2 29. Rd1 Bxf6 30. Rxd2 Be5 31. Bf3 Re7 32. Kg2 Kg7 33. Rc2 Ref7 34. Qd3 Qd8 35. Rc4 Kh8 36. Bd1 Qf6 37. Bc2 g5 38. Bd1 f4 39. exf4 gxf4 40. Bh5 Rg7 41. Re4 Qg5 42. Qf3 Rfg8 43. Bg4 Rg6 44. gxf4 1-0

[Event "AUT-ch Eisenbahner"]
[Site "Wels"]
[Date "2009.05.22"]
[Round "2.2"]
[White "Tomitz, Hermann"]
[Black "Martic, Mato"]
[Result "1-0"]
[WhiteElo "2108"]
[BlackElo "1871"]
[PlyCount "31"]
[EventDate "2009.05.21"]
[EventType "swiss"]
[EventRounds "3"]
[EventCountry "AUT"]
[SourceTitle "EXT 2024"]
[Source "ChessBase"]
[SourceDate "2023.10.10"]
[SourceVersion "1"]
[SourceVersionDate "2023.10.10"]
[SourceQuality "1"]

1. d4 Nf6 2. Nf3 e6 3. e3 b6 4. Bd3 Bb7 5. 0-0 Be7 6. c4 d5 7. Nc3 dxc4 8. Bxc4 0-0 9. Qe2 Nc6 10. Rd1 Qc8 11. e4 Na5 12. Bd3 c5 13. dxc5 Rd8 14. b4 Nc4 15. Bxc4 Rxd1+ 16. Qxd1 1-0

[Event "St Veit op"]
[Site "St Veit"]
[Date "2008.07.10"]
[Round "6"]
[White "Gruber, Dietmar"]
[Black "Tomitz, Hermann"]
[Result "1/2-1/2"]
[WhiteElo "2040"]
[BlackElo "2102"]
[PlyCount "49"]
[EventDate "2008.07.05"]
[EventType "swiss"]
[EventRounds "9"]
[EventCountry "AUT"]
[SourceTitle "CBM 125 Extra"]
[Source "ChessBase"]
[SourceDate "2008.09.01"]
[SourceVersion "1"]
[SourceVersionDate "2008.09.01"]
[SourceQuality "1"]

1. Nc3 d5 2. e4 e6 3. d4 Bb4 4. Bd3 dxe4 5. Bxe4 Nf6 6. Bf3 0-0 7. Nge2 c5 8. a3 cxd4 9. axb4 dxc3 10. Nxc3 Qxd1+ 11. Bxd1 Nc6 12. b5 Ne5 13. Be2 Nd5 14. Nxd5 exd5 15. Be3 Bf5 16. Kd2 b6 17. Ra4 Rfc8 18. c3 Nc4+ 19. Bxc4 Rxc4 20. Rha1 Rxa4 21. Rxa4 Bd7 22. Bxb6 Bxb5 23. Rxa7 Rb8 24. Bc5 Bf1 25. b4 1/2-1/2

[Event "St Veit op 25th"]
[Site "St Veit"]
[Date "2006.07.16"]
[Round "9"]
[White "Tomitz, Hermann"]
[Black "Saxer, Bernhard"]
[Result "1-0"]
[WhiteElo "2126"]
[BlackElo "2057"]
[PlyCount "120"]
[EventDate "2006.07.08"]
[EventType "swiss"]
[EventRounds "9"]
[EventCountry "AUT"]
[SourceTitle "CBM 113 Extra"]
[Source "ChessBase"]
[SourceDate "2006.09.14"]
[SourceVersion "1"]
[SourceVersionDate "2006.09.14"]
[SourceQuality "1"]

1. d4 Nf6 2. Nf3 e6 3. e3 c5 4. Bd3 Nc6 5. c3 d5 6. Nbd2 Bd6 7. 0-0 cxd4 8. exd4 0-0 9. Qe2 Qc7 10. Re1 g6 11. Ne5 Nh5 12. Ndf3 f6 13. Nxc6 bxc6 14. Bh6 Nf4 15. Bxf4 Bxf4 16. g3 Bh6 17. Nh4 Qf7 18. f4 a5 19. Nf3 Bd7 20. b3 Rfb8 21. Qc2 Bf8 22. a3 c5 23. dxc5 Bxc5+ 24. Kg2 Rc8 25. Qd2 Qf8 26. b4 Bd6 27. Nd4 e5 28. fxe5 Bxe5 29. Rac1 axb4 30. axb4 Bxd4 31. cxd4 Rxc1 32. Rxc1 Rc8 33. Rc5 Qd6 34. Qc2 Qe6 35. Qe2 Qh3+ 36. Kg1 Re8 37. Qf2 Qh6 38. Bf1 Rb8 39. Rxd5 Be8 40. b5 Ra8 41. Qxf6 Qe3+ 42. Qf2 Qb3 43. Rc5 Bf7 44. Qxf7+ Qxf7 45. Bc4 Ra1+ 46. Kg2 Ra2+ 47. Kh3 h5 48. Rc8+ Kg7 49. Bxf7 Kxf7 50. g4 hxg4+ 51. Kxg4 Ra4 52. Kg5 Rxd4 53. Rc7+ Ke6 54. Kxg6 Rg4+ 55. Kh5 Rb4 56. Rc5 Rb2 57. h4 Kd6 58. Rg5 Rb4 59. Rf5 Ke6 60. Kg5 Rb1 1-0

[Event "St Veit op 25th"]
[Site "St Veit"]
[Date "2006.07.09"]
[Round "2"]
[White "Farago, Ivan"]
[Black "Tomitz, Hermann"]
[Result "1-0"]
[WhiteElo "2513"]
[BlackElo "2126"]
[PlyCount "81"]
[EventDate "2006.07.08"]
[EventType "swiss"]
[EventRounds "9"]
[EventCountry "AUT"]
[SourceTitle "CBM 113 Extra"]
[Source "ChessBase"]
[SourceDate "2006.09.14"]
[SourceVersion "1"]
[SourceVersionDate "2006.09.14"]
[SourceQuality "1"]

1. d4 Nf6 2. c4 g6 3. Nc3 Bg7 4. e4 d6 5. Be2 0-0 6. Bg5 Nbd7 7. Qd2 c6 8. Nf3 e5 9. 0-0 Qb6 10. Rad1 Re8 11. Qc2 exd4 12. Nxd4 Nc5 13. Bf3 Bg4 14. Rfe1 Bxf3 15. Nxf3 Rad8 16. h3 Qb4 17. b3 Rd7 18. Bd2 Qb6 19. Bf4 Qd8 20. Re2 a5 21. Bc1 h6 22. Ba3 Nh5 23. e5 b6 24. Bxc5 dxc5 25. Rxd7 Qxd7 26. Re4 f5 27. exf6 Nxf6 28. Ne5 Qd6 29. f4 Nxe4 30. Nxe4 Qd4+ 31. Nf2 Qxf4 32. Nf3 Kh7 33. Kf1 Bd4 34. Nd3 Qg3 35. Qd2 Re3 36. Nde1 Qf4 37. Qc2 Qe4 38. Qd1 Qf5 39. Nc2 Re4 40. Qd3 Re1+ 41. Ncxe1 1-0

[Event "Jacques Lemans op 23rd"]
[Site "St Veit"]
[Date "2004.07.16"]
[Round "7"]
[White "Genser, Harald"]
[Black "Tomitz, Hermann"]
[Result "1-0"]
[WhiteElo "2263"]
[BlackElo "2109"]
[PlyCount "65"]
[EventDate "2004.07.10"]
[EventType "swiss"]
[EventRounds "9"]
[EventCountry "AUT"]
[SourceTitle "CBM 101 Extra"]
[Source "ChessBase"]
[SourceDate "2004.09.01"]
[SourceVersion "2"]
[SourceVersionDate "2004.09.01"]
[SourceQuality "1"]

1. d4 Nf6 2. c4 g6 3. Nc3 Bg7 4. e4 d6 5. Nf3 0-0 6. Be2 e5 7. 0-0 Nc6 8. d5 Ne7 9. Ne1 Nd7 10. Be3 f5 11. f3 f4 12. Bf2 g5 13. Rc1 Rf6 14. c5 a6 15. cxd6 cxd6 16. a4 Rh6 17. Nd3 Qe8 18. Kh1 Qh5 19. Bg1 Nf6 20. Nf2 Qg6 21. h3 Rh4 22. Qe1 Qh6 23. Bh2 Qg6 24. a5 Bd7 25. Nb1 Rc8 26. Rxc8+ Bxc8 27. Na3 Nh5 28. Kg1 Nf6 29. Nc4 Nd7 30. Qb4 Nc5 31. Qb6 Rh6 32. Qd8+ Bf8 33. Nb6 1-0

[Event "Jacques Lemans op 18th"]
[Site "St Veit"]
[Date "1999.??.??"]
[Round "1.15"]
[White "Tomitz, Hermann"]
[Black "Vokroj, Rene"]
[Result "0-1"]
[WhiteElo "1834"]
[BlackElo "2288"]
[PlyCount "60"]
[EventDate "1999.07.??"]
[EventType "swiss"]
[EventRounds "9"]
[EventCountry "AUT"]
[SourceTitle "EXT 2004"]
[Source "ChessBase"]
[SourceDate "2003.11.25"]
[SourceVersion "1"]
[SourceVersionDate "2003.11.25"]
[SourceQuality "1"]

1. d4 Nf6 2. c4 e6 3. Nf3 b6 4. g3 Bb7 5. Bg2 Bb4+ 6. Bd2 a5 7. 0-0 0-0 8. Nc3 Ne4 9. Nxe4 Bxe4 10. a3 Bxd2 11. Nxd2 Bxg2 12. Kxg2 f5 13. e4 fxe4 14. Nxe4 d5 15. Nc3 dxc4 16. Qe2 Qxd4 17. Qxe6+ Kh8 18. Rad1 Qc5 19. Rd5 Qc6 20. Qe7 Na6 21. Rfd1 Nc5 22. f3 Rae8 23. Qh4 Nd3 24. Qg4 Ne1+ 25. Kh3 Nxf3 26. Rf1 Qh6+ 27. Rh5 Qe6 28. Qxe6 Rxe6 29. Rh4 Kg8 30. Rxc4 Rh6+ 0-1

[Event "Feffernitz Raika op 06th"]
[Site "Feffernitz"]
[Date "1997.08.21"]
[Round "?"]
[White "Tomitz, Hermann"]
[Black "Schein, Karl Heinz"]
[Result "0-1"]
[WhiteElo "2235"]
[BlackElo "1800"]
[PlyCount "40"]
[EventDate "1997.08.??"]
[EventType "swiss"]
[EventRounds "9"]
[EventCountry "AUT"]
[SourceTitle "EXT 2004"]
[Source "ChessBase"]
[SourceDate "2003.11.25"]
[SourceVersion "1"]
[SourceVersionDate "2003.11.25"]
[SourceQuality "1"]

1. d4 Nf6 2. c4 g6 3. Nc3 Bg7 4. e4 d6 5. Nf3 0-0 6. Be2 Nbd7 7. 0-0 e5 8. d5 Nc5 9. Nd2 a5 10. b3 Ne8 11. Rb1 f5 12. a3 Bh6 13. f3 Be3+ 14. Kh1 f4 15. b4 axb4 16. axb4 Na6 17. Na2 Qh4 18. Nb3 Bf2 19. Qc2 Bg3 20. h3 Bxh3 0-1

[Event "Feffernitz Raika op 06th"]
[Site "Feffernitz"]
[Date "1997.08.20"]
[Round "?"]
[White "Neubauer, Herbert"]
[Black "Tomitz, Hermann"]
[Result "1/2-1/2"]
[WhiteElo "1980"]
[BlackElo "1800"]
[PlyCount "32"]
[EventDate "1997.08.??"]
[EventType "swiss"]
[EventRounds "9"]
[EventCountry "AUT"]
[SourceTitle "EXT 2004"]
[Source "ChessBase"]
[SourceDate "2003.11.25"]
[SourceVersion "1"]
[SourceVersionDate "2003.11.25"]
[SourceQuality "1"]

1. d4 Nf6 2. Nf3 g6 3. c4 Bg7 4. Nc3 d6 5. e4 0-0 6. Be2 e5 7. Be3 Ng4 8. Bg5 f6 9. Bh4 g5 10. Bg3 Nh6 11. Qd2 Nc6 12. dxe5 dxe5 13. Rd1 Be6 14. Qxd8 Raxd8 15. 0-0 g4 16. Nh4 Nd4 1/2-1/2

[Event "Feffernitz Raika op 06th"]
[Site "Feffernitz"]
[Date "1997.08.18"]
[Round "?"]
[White "Tomitz, Hermann"]
[Black "Barsi, Lorenzo"]
[Result "1/2-1/2"]
[WhiteElo "1800"]
[BlackElo "2107"]
[PlyCount "27"]
[EventDate "1997.08.??"]
[EventType "swiss"]
[EventRounds "9"]
[EventCountry "AUT"]
[SourceTitle "EXT 2004"]
[Source "ChessBase"]
[SourceDate "2003.11.25"]
[SourceVersion "1"]
[SourceVersionDate "2003.11.25"]
[SourceQuality "1"]

1. d4 Nf6 2. c4 e5 3. dxe5 Ng4 4. Nf3 Bc5 5. e3 Nc6 6. Be2 0-0 7. 0-0 Ngxe5 8. Nxe5 Nxe5 9. Nc3 a5 10. Qd5 d6 11. Ne4 Be6 12. Qxb7 Rb8 13. Qa6 Bb6 14. Qb5 1/2-1/2